Writing with a purpose. / (Record no. 2041)
[ view plain ]
| 000 -LEADER | |
|---|---|
| fixed length control field | 01304cam a2200289 a 4500 |
| 001 - CONTROL NUMBER | |
| control field | 3546543 |
| 005 - DATE AND TIME OF LATEST TRANSACTION | |
| control field | 20210414114120.0 |
| 008 - FIXED-LENGTH DATA ELEMENTS--GENERAL INFORMATION | |
| fixed length control field | 980319s1998 maua b 001 0 eng |
| 010 ## - LIBRARY OF CONGRESS CONTROL NUMBER | |
| LC control number | 97072556 |
| 020 ## - INTERNATIONAL STANDARD BOOK NUMBER | |
| International Standard Book Number | 0395876125 (student text) |
| 040 ## - CATALOGING SOURCE | |
| Original cataloging agency | DLC |
| Transcribing agency | DLC |
| 050 00 - LIBRARY OF CONGRESS CALL NUMBER | |
| Classification number | PE1408.T695 |
| 082 00 - DEWEY DECIMAL CLASSIFICATION NUMBER | |
| Classification number | 808/.042 |
| Edition number | 21 |
| 100 1# - MAIN ENTRY--PERSONAL NAME | |
| Personal name | Trimmer, Joseph F. |
| 245 10 - TITLE STATEMENT | |
| Title | Writing with a purpose. / |
| Statement of responsibility, etc. | Joseph F. Trimmer. |
| 250 ## - EDITION STATEMENT | |
| Edition statement | 12th ed. |
| 260 ## - PUBLICATION, DISTRIBUTION, ETC. | |
| Place of publication, distribution, etc. | Boston : |
| Name of publisher, distributor, etc. | Houghton Mifflin Co., |
| Date of publication, distribution, etc. | c1998. |
| 300 ## - PHYSICAL DESCRIPTION | |
| Extent | xxiii, 615 p. : |
| Other physical details | ill. ; |
| Dimensions | 24 cm. |
| 504 ## - BIBLIOGRAPHY, ETC. NOTE | |
| Bibliography, etc. note | Includes bibliographical references and indexes. |
| 505 ## - FORMATTED CONTENTS NOTE | |
| Formatted contents note | Contents: Towards a purposeful writing -- Planning -- Drafting -- Revising -- Common methods of development -- Argument -- Paragraphs: units of development -- Sentences: patterns of expression -- Diction: the choice of words -- Tone and style -- The Essay examination -- The Critical essay -- Planning the research paper -- Writing the research paper -- Reading with a purpose. |
| 650 #0 - SUBJECT ADDED ENTRY--TOPICAL TERM | |
| Topical term or geographic name entry element | English language |
| General subdivision | Rhetoric. |
| 650 #0 - SUBJECT ADDED ENTRY--TOPICAL TERM | |
| Topical term or geographic name entry element | English language |
| General subdivision | Grammar |
| Form subdivision | Problems, exercises, etc. |
| 650 #0 - SUBJECT ADDED ENTRY--TOPICAL TERM | |
| Topical term or geographic name entry element | Report writing. |
| 906 ## - LOCAL DATA ELEMENT F, LDF (RLIN) | |
| a | 7 |
| b | cbc |
| c | orignew |
| d | 2 |
| e | opcn |
| f | 19 |
| g | y-gencatlg |
| 942 ## - ADDED ENTRY ELEMENTS (KOHA) | |
| Source of classification or shelving scheme | Library of Congress Classification |
| Koha item type | Books |
| Withdrawn status | Lost status | Source of classification or shelving scheme | Damaged status | Not for loan | Home library | Current library | Date acquired | Total Checkouts | Full call number | Barcode | Date last seen | Copy number | Price effective from | Koha item type | Shelving location |
|---|---|---|---|---|---|---|---|---|---|---|---|---|---|---|---|
| Library of Congress Classification | WISCONSIN INTERNATIONAL UNIVERSITY COLLEGE, GHANA - MAIN LIBRARY | WISCONSIN INTERNATIONAL UNIVERSITY COLLEGE, GHANA - MAIN LIBRARY | 17/08/2012 | PE1408.T695 | 4298/12 | 17/08/2012 | 1 | 17/08/2012 | Books | ||||||
| Library of Congress Classification | WISCONSIN INTERNATIONAL UNIVERSITY COLLEGE, GHANA - MAIN LIBRARY | WISCONSIN INTERNATIONAL UNIVERSITY COLLEGE, GHANA - MAIN LIBRARY | 17/08/2012 | PE1408.T6951 | 4299/12 | 17/08/2012 | 2 | 17/08/2012 | Books | General Stacks | |||||
| Library of Congress Classification | WISCONSIN INTERNATIONAL UNIVERSITY COLLEGE, GHANA - MAIN LIBRARY | WISCONSIN INTERNATIONAL UNIVERSITY COLLEGE, GHANA - MAIN LIBRARY | 17/08/2012 | PE1408.T6952 | 4300/12 | 17/08/2012 | 3 | 17/08/2012 | Books | General Stacks | |||||
| Library of Congress Classification | WISCONSIN INTERNATIONAL UNIVERSITY COLLEGE, GHANA - MAIN LIBRARY | WISCONSIN INTERNATIONAL UNIVERSITY COLLEGE, GHANA - MAIN LIBRARY | 17/08/2012 | PE1408.T6953 | 4301/12 | 17/08/2012 | 4 | 17/08/2012 | Books | General Stacks |
